Normal view
MARC view
- Purpose in life – Religious aspects – Islam
Entry Topical Term
001 - CONTROL NUMBER
- control field: 129459
003 - CONTROL NUMBER IDENTIFIER
- control field: NUST
005 - DATE AND TIME OF LATEST TRANSACTION
- control field: 20250708122130.0
008 - FIXED-LENGTH DATA ELEMENTS
- fixed length control field: 250708|| aca||aabn | a|a d
040 ## - CATALOGING SOURCE
- Original cataloging agency: NUST
- Transcribing agency: NUST
150 ## - HEADING--TOPICAL TERM
- Topical term or geographic name entry element: Purpose in life – Religious aspects – Islam
670 ## - SOURCE DATA FOUND
- Source citation: Work cat.: (NUST): Tanoli, Dr. Muhammad Shaheen Saad 129458, Meri Zindagi Ka Maqsad/, 2022.
